| 000 | 00541nam a2200169Ia 4500 | ||
|---|---|---|---|
| 008 | 230917s9999||||xx |||||||||||||| ||und|| | ||
| 020 | _cGBP 44.99 (RS 4172.37) | ||
| 040 |
_e5002082 _aMAIN |
||
| 041 | _aEnglish | ||
| 082 | _a616.89 S45C | ||
| 100 | _aSternberg, Robert J, ed. | ||
| 245 | 0 | _aCambridge handbook of the intellectual history of psychology | |
| 260 |
_aCambridge _bCambridge University Press _c2019 |
||
| 300 | _ax, 533 p. | ||
| 500 | _a4037 24/02/2020 RBP20/78870 02/03/2020 PSYCHOLOGY PROJECT(Dr. SONIA MALIK) | ||
| 942 | _cBK | ||
| 999 |
_c1934 _d1934 |
||